| 000 | 02887cam a2200649 i 4500 | ||
|---|---|---|---|
| 001 | on1050869091 | ||
| 003 | OCoLC | ||
| 005 | 20251205023744.0 | ||
| 007 | ta | ||
| 008 | 190117t20182018nyuab j 000 1 eng d | ||
| 010 | _a 2018287224 | ||
| 015 |
_aGBB8E0033 _2bnb |
||
| 016 | 7 |
_a018993881 _2Uk |
|
| 020 |
_a9780425292082 _q(hardcover) |
||
| 020 |
_a0425292088 _q(hardcover) |
||
| 020 |
_a9780593349687 _q(box) |
||
| 020 |
_a0593349687 _q(box) |
||
| 020 |
_a9781338530940 _q(hardcover ; _qScholastic ; _q2018) |
||
| 037 |
_bPenguin Group USA, Order Processing Dept 120 Woodbine st, Bergenfield, NJ, USA, 07621 _nSAN 201-3975 |
||
| 040 |
_aOQX _beng _erda _cDLC _dOQX _dBDX _dT7B _dTCH _dPCX _dNYP _dWLM _dCZA _dUNL _dYDX _dTXGON _dOCLCF _dIUK _dOF9 _dVP@ _dUKMGB _dTXMML _dIBI _dKC# _dT2D _dTXMAL _dMLM _dONT _dHQD _dKAA _dJPI _dTO7 _dXYZ _dTXENN _dMJ8 _dHHO _dJZH _dXL4 _dTL4 _dXOL _dOCLCO _dJTH _dUTP _dOCLCO _dMQY _dOCLCO _dEHH _dNZAUC _dTJ7 _dJNE _dOCLCO _dJXI _dBYV _dZQP _dILM _dOCLCO _dY58 _dJTH _dCHILD _dXMC _dWIMVL _dKJ6 _dO2L _dDUD _dCNCAR _dUtOrBLW |
||
| 042 | _alccopycat | ||
| 050 | 0 | 0 |
_aPZ7.B7356 _bLau 2018 |
| 082 | 0 | 4 |
_a[Fic] _223 |
| 092 | _aJ BRALLIER | ||
| 100 | 1 |
_aBrallier, Max, _eauthor. |
|
| 245 | 1 | 4 |
_aThe last kids on Earth and the cosmic beyond / _cMax Brallier & Douglas Holgate. |
| 246 | 3 | 0 | _aCosmic beyond. |
| 264 | 1 |
_aNew York, New York : _bViking, _c2018. |
|
| 264 | 4 | _c℗♭2018. | |
| 300 |
_a257 pages : _billustrations, map ; _c22 cm. |
||
| 336 |
_atext _btxt _2rdacontent. |
||
| 336 |
_astill image _bsti _2rdacontent. |
||
| 337 |
_aunmediated _bn _2rdamedia. |
||
| 338 |
_avolume _bnc _2rdacarrier. |
||
| 340 | _2rdaill. | ||
| 490 | 1 |
_aThe last kids on Earth ; _v4. |
|
| 520 | _aDuring the first winter after the Monster Apocalypse, Jack and his buddies prepare for a monstrous Christmas celebration, but a supervillainess steals Jack's prized monster-slaying weapon, his Louisville Slicer, and he vows to get it back. | ||
| 521 | 8 |
_a540L _bLexile. |
|
| 521 | 3 |
_aDecoding demand: 91 (very high) _aSemantic demand: 100 (very high) _aSyntactic demand: 78 (high) _aStructure demand: 90 (very high) _bLexile. |
|
| 526 | 0 |
_aAccelerated Reader AR _bMG _c3.9 _d4 _z197114. |
|
| 526 | 0 |
_aAccelerated Reader _bMG _c3.9 _d4.0 _z197114. |
|
| 526 | 0 |
_aAccelerated Reader AR _c3.9 _d4.0 _z197114. _5MCPL. |
|
| 526 | 0 |
_aRenaissance Learning/Accelerated Reader _bMG _c3.9 _d4.0. |
|
| 526 | 0 |
_aAccelerated Reader _bMG _c3.9 _d4 _z197114. |
|
| 650 | 0 |
_aWinter _vJuvenile fiction. |
|
| 650 | 0 |
_aMonsters _vJuvenile fiction. |
|
| 650 | 0 |
_aSupervillains _vJuvenile fiction. |
|
| 650 | 0 |
_aWeapons _vJuvenile fiction. |
|
| 650 | 1 |
_aWinter _vFiction. |
|
| 650 | 1 |
_aMonsters _vFiction. |
|
| 650 | 1 |
_aSupervillains _vFiction. |
|
| 650 | 1 |
_aWeapons _vFiction. |
|
| 655 | 7 |
_aHorror fiction. _2lcgft. |
|
| 700 | 1 |
_aHolgate, Douglas, _eillustrator. |
|
| 800 | 1 |
_aBrallier, Max. _tLast kids on Earth ; _v4. |
|
| 942 |
_2ddc _cBK |
||
| 999 |
_c31365 _d31363 |
||